<?xml version="1.0" encoding="UTF-8"?>
<record
    xmlns:xsi="http://www.w3.org/2001/XMLSchema-instance"
    xsi:schemaLocation="http://www.loc.gov/MARC21/slim http://www.loc.gov/standards/marcxml/schema/MARC21slim.xsd"
    xmlns="http://www.loc.gov/MARC21/slim">

  <leader>01372nam a22002657a 4500</leader>
  <controlfield tag="003">Uzh_bibl</controlfield>
  <controlfield tag="008">260427b        |||||||| |||| 00| 0 ukr d</controlfield>
  <datafield tag="020" ind1=" " ind2=" ">
    <subfield code="a">966-522-235-&#x425;</subfield>
    <subfield code="c">37.85</subfield>
  </datafield>
  <datafield tag="040" ind1=" " ind2=" ">
    <subfield code="b">&#x443;&#x43A;&#x440;.</subfield>
  </datafield>
  <datafield tag="041" ind1=" " ind2=" ">
    <subfield code="2">ukr</subfield>
    <subfield code="a">ukr</subfield>
  </datafield>
  <datafield tag="080" ind1=" " ind2=" ">
    <subfield code="a">398</subfield>
  </datafield>
  <datafield tag="090" ind1=" " ind2=" ">
    <subfield code="a">398</subfield>
    <subfield code="b">&#x423; 45</subfield>
  </datafield>
  <datafield tag="100" ind1=" " ind2=" ">
    <subfield code="a">-</subfield>
  </datafield>
  <datafield tag="245" ind1=" " ind2=" ">
    <subfield code="a">&#x423;&#x43A;&#x440;&#x430;&#x457;&#x43D;&#x441;&#x44C;&#x43A;&#x435; &#x420;&#x456;&#x437;&#x434;&#x432;&#x43E; &#x43D;&#x430; &#x41C;&#x430;&#x440;&#x430;&#x43C;&#x43E;&#x440;&#x43E;&#x449;&#x438;&#x43D;&#x456;.</subfield>
    <subfield code="c">&#x423;&#x43F;&#x43E;&#x440;&#x44F;&#x434;. &#x41E;. &#x411;&#x435;&#x432;&#x43A;&#x430;; &#x445;&#x443;&#x434;. &#x43E;&#x444;&#x43E;&#x440;&#x43C;. &#x41A;. &#x428;&#x430;&#x43B;&#x432;&#x430;&#x440;&#x43E;&#x432;&#x43E;&#x457;</subfield>
    <subfield code="h">&#x422;&#x435;&#x43A;&#x441;&#x442;</subfield>
  </datafield>
  <datafield tag="260" ind1=" " ind2=" ">
    <subfield code="a">&#x41A;&#x438;&#x457;&#x432;</subfield>
    <subfield code="b">&#x415;&#x442;&#x43D;&#x43E;&#x441;</subfield>
    <subfield code="c">2008</subfield>
  </datafield>
  <datafield tag="300" ind1=" " ind2=" ">
    <subfield code="a">384 &#x441;.</subfield>
    <subfield code="b">&#x406;&#x43B;.</subfield>
    <subfield code="f">&#x412; &#x43E;&#x43F;&#x440;.</subfield>
  </datafield>
  <datafield tag="490" ind1=" " ind2=" ">
    <subfield code="a">&#x424;&#x43E;&#x43B;&#x44C;&#x43A;&#x43B;&#x43E;&#x440; &#x443;&#x43A;&#x440;&#x430;&#x457;&#x43D;&#x441;&#x44C;&#x43A;&#x43E;&#x457; &#x434;&#x456;&#x430;&#x441;&#x43F;&#x43E;&#x440;&#x438;</subfield>
  </datafield>
  <datafield tag="520" ind1=" " ind2=" ">
    <subfield code="a">&#x423; &#x437;&#x431;&#x456;&#x440;&#x43D;&#x438;&#x43A;&#x443; &#x43F;&#x43E;&#x434;&#x430;&#x43D;&#x43E; &#x444;&#x43E;&#x43B;&#x44C;&#x43A;&#x43B;&#x43E;&#x440;&#x43D;&#x456; &#x442;&#x432;&#x43E;&#x440;&#x438; &#x443;&#x43A;&#x440;&#x430;&#x457;&#x43D;&#x441;&#x44C;&#x43A;&#x43E;&#x433;&#x43E; &#x43D;&#x430;&#x441;&#x435;&#x43B;&#x435;&#x43D;&#x43D;&#x44F; &#x41C;&#x430;&#x440;&#x430;&#x43C;&#x43E;&#x440;&#x43E;&#x449;&#x438;&#x43D;&#x438; (&#x420;&#x443;&#x43C;&#x443;&#x43D;&#x456;&#x44F;), &#x437;&#x43E;&#x43A;&#x440;&#x435;&#x43C;&#x430; &#x43A;&#x43E;&#x43B;&#x44F;&#x434;&#x43A;&#x438;, &#x432;&#x456;&#x43D;&#x448;&#x443;&#x432;&#x430;&#x43D;&#x43D;&#x44F;, &#x43F;&#x43E;&#x431;&#x430;&#x436;&#x430;&#x43D;&#x43D;&#x44F; &#x2013; &#x430;&#x440;&#x445;&#x430;&#x457;&#x447;&#x43D;&#x438;&#x439; &#x442;&#x430; &#x443;&#x441;&#x442;&#x430;&#x43B;&#x435;&#x43D;&#x438;&#x439; &#x432;&#x438;&#x434; &#x43D;&#x430;&#x440;&#x43E;&#x434;&#x43D;&#x43E;&#x457; &#x442;&#x432;&#x43E;&#x440;&#x447;&#x43E;&#x441;&#x442;&#x456;, &#x44F;&#x43A;&#x430; &#x449;&#x435; &#x43F;&#x43E;&#x431;&#x443;&#x442;&#x443;&#x454; &#x432; &#x43C;&#x430;&#x440;&#x430;&#x43C;&#x43E;&#x440;&#x43E;&#x441;&#x44C;&#x43A;&#x43E;&#x43C;&#x443; &#x435;&#x442;&#x43D;&#x43E;&#x430;&#x440;&#x435;&#x430;&#x43B;&#x456;, &#x434;&#x435; &#x436;&#x438;&#x432;&#x443;&#x442;&#x44C; &#x443;&#x43A;&#x440;&#x430;&#x457;&#x43D;&#x446;&#x456;.</subfield>
  </datafield>
  <datafield tag="521" ind1=" " ind2=" ">
    <subfield code="a">&#x414;&#x43B;&#x44F; &#x448;&#x438;&#x440;&#x43E;&#x43A;&#x43E;&#x433;&#x43E; &#x43A;&#x43E;&#x43B;&#x430; &#x447;&#x438;&#x442;&#x430;&#x447;&#x456;&#x432;</subfield>
  </datafield>
  <datafield tag="546" ind1=" " ind2=" ">
    <subfield code="a">&#x443;&#x43A;&#x440;.</subfield>
  </datafield>
  <datafield tag="650" ind1=" " ind2=" ">
    <subfield code="a">&#x41B;&#x456;&#x442;&#x435;&#x440;&#x430;&#x442;&#x443;&#x440;&#x43D;&#x43E;-&#x445;&#x443;&#x434;&#x43E;&#x436;&#x43D;&#x454; &#x432;&#x438;&#x434;&#x430;&#x43D;&#x43D;&#x44F;</subfield>
  </datafield>
  <datafield tag="653" ind1=" " ind2=" ">
    <subfield code="a">&#x41E;&#x431;&#x440;&#x44F;&#x434;&#x43E;&#x432;&#x456; &#x442;&#x440;&#x430;&#x434;&#x438;&#x446;&#x456;&#x457;.</subfield>
    <subfield code="a">&#x41A;&#x43E;&#x43B;&#x44F;&#x434;&#x43A;&#x438;.</subfield>
    <subfield code="a">&#x412;&#x435;&#x440;&#x442;&#x435;&#x43F;.</subfield>
  </datafield>
  <datafield tag="655" ind1=" " ind2=" ">
    <subfield code="a">&#x424;&#x43E;&#x43B;&#x44C;&#x43A;&#x43B;&#x43E;&#x440;</subfield>
    <subfield code="v">&#x414;&#x43E;&#x432;&#x456;&#x434;&#x43D;&#x438;&#x43A;</subfield>
  </datafield>
  <datafield tag="942" ind1=" " ind2=" ">
    <subfield code="2">udc</subfield>
    <subfield code="c">BK</subfield>
  </datafield>
  <datafield tag="999" ind1=" " ind2=" ">
    <subfield code="c">17536</subfield>
    <subfield code="d">17536</subfield>
  </datafield>
  <datafield tag="952" ind1=" " ind2=" ">
    <subfield code="0">0</subfield>
    <subfield code="1">0</subfield>
    <subfield code="2">udc</subfield>
    <subfield code="4">0</subfield>
    <subfield code="7">0</subfield>
    <subfield code="a">MBdD</subfield>
    <subfield code="b">MBdD</subfield>
    <subfield code="c">CHP</subfield>
    <subfield code="d">2026-04-27</subfield>
    <subfield code="i">57961</subfield>
    <subfield code="l">0</subfield>
    <subfield code="o">398</subfield>
    <subfield code="p">16620</subfield>
    <subfield code="r">2026-04-27</subfield>
    <subfield code="w">2026-04-27</subfield>
    <subfield code="y">BK</subfield>
  </datafield>
</record>
